The Linger-nots and the mystery house; or, The story of nine adventurous girls, (Record no. 16711)

MARC details
000 -LEADER
fixed length control field 00595cam a22001931 4500
001 - CONTROL NUMBER
control field ca 30001315
003 - CONTROL NUMBER IDENTIFIER
control field DLC
005 - DATE AND TIME OF LATEST TRANSACTION
control field 20260227111124.0
008 - FIXED-LENGTH DATA ELEMENTS--GENERAL INFORMATION
fixed length control field 811217s1923 nyua j 000 1 eng
010 ## - LIBRARY OF CONGRESS CONTROL NUMBER
LC control number ca 30001315
035 ## - SYSTEM CONTROL NUMBER
System control number (OCoLC)8005769
040 ## - CATALOGING SOURCE
Original cataloging agency DLC
Transcribing agency WEU
Modifying agency WEU
-- DLC
050 00 - LIBRARY OF CONGRESS CALL NUMBER
Classification number PZ7.M61
Item number Lg
100 1# - MAIN ENTRY--PERSONAL NAME
Personal name Miller, Agnes.
245 14 - TITLE STATEMENT
Title The Linger-nots and the mystery house; or, The story of nine adventurous girls,
Statement of responsibility, etc. by Agnes Miller.
260 ## - PUBLICATION, DISTRIBUTION, ETC.
Place of publication, distribution, etc. New York,
Name of publisher, distributor, etc. Cupples & Leon
Date of publication, distribution, etc. [c1923]
300 ## - PHYSICAL DESCRIPTION
Extent 3 p.l., 204 p.
Other physical details front.
Dimensions 20 cm.
490 0# - SERIES STATEMENT
Series statement Linger-nots series / Agnes Miller.

No items available.

Powered by Koha